APEC Schools

Introduction to Philippine government & politics with basic constitutional principles / (Record no. 5167)

000 -LEADER
fixed length control field nam a22 7a 4500
005 - DATE AND TIME OF LATEST TRANSACTION
control field 20181002012642.0
008 - FIXED-LENGTH DATA ELEMENTS--GENERAL INFORMATION
fixed length control field 180423b xxu||||| |||| 00| 0 eng d
020 ## - IDENTIFIER FOR THE MANIFESTATION
Identifier for the Manifestation 9786214060238
Binding paperback
040 ## - CATALOGING SOURCE
Language of Cataloging eng
Transcribing Agency APEC Schools Library
Description Conventions rda
082 ## - DEWEY DECIMAL CLASSIFICATION NUMBER
Classification number F 320.9599
Author's Number R477i 2015
100 1# - CREATOR
Preferred Name of the Person Riodique, Francisco C.
Title/Other Designation Associated/Field of Activity/Profession of the Person III
245 1# - TITLE AND STATEMENT OF RESPONSIBILITY
Preferred Title Proper Introduction to Philippine government & politics with basic constitutional principles /
Statement of Responsibility/Parallel Statement of Responsibility Francisco C. Riodique, III and Gil D. Ramos.
246 ## - VARIANT PARALLEL TITLE PROPER
Parallel Title Proper/Variant/Later Title Proper Introduction to Philippine government and politics with basic consitutional principles
264 ## - PUBLICATION STATEMENT
Place of publication, distribution, etc Manila, PH :
Publisher's Name/Parallel Publisher's Name Mindshapers,
Copyright ©2015.
Date of Publication [2015].
300 ## - PHYSICAL DESCRIPTION
Extent xiv, 458 pages ;
Dimensions 23 cm
336 ## - RDA CONTENT
Source rdacontent
Content Type text
337 ## - RDA MEDIA
Source rdamedia
Media Type unmediated
338 ## - RDA CARRIER
Source rdacarrier
Carrier Type volume
504 ## - BIBLIOGRAPHY, ETC. NOTE
Bibliography, etc Includes bibliographical references.
505 2# - CONTENTS
Related Work = Contents The Study of Government and Politics 1 -- The State 9 -- Concept of the Constitution 31 -- Amending the Fundamental Law 49 -- The Preamble to the 1987 Constitution 63 -- The National Territory 69 -- Principles and State Policies 81 -- The Inherent Powers of the State 95 -- The Bill of Rights 115 -- Citizenship 183 -- The Philippine Government 207 -- The Legislative Branch 219 -- The Executive 263 -- The Judiciary 301 -- The Independent Constitutional Commissions 327 -- Local Government Units 349 -- Accountability of Public Officers -- References 455
650 ## - ADDED SUBJECT ACCESS POINT - TOPICAL TERM
Topical Term Local government
Preferred Name for the Place Philippines.
651 ## - ADDED SUBJECT ACCESS POINT - GEOGRAPHIC NAME
Topical Term Philippines
General Subdivision Politics and goverment.
700 1# - ADDED AUTHORIZED ACCESS POINT - PERSONAL NAME
Preferred Name of the Person Ramos, Gil D.
Relator Term author.
942 ## - ADDED ENTRY ELEMENTS (KOHA)
Source of Classification
Koha Item Type Books
Holdings
Library Site Location Shelving Location Source of Acquisition Full Classification Number Accession Number Koha Item Type
APEC C. Raymundo Library APEC C. Raymundo Library Filipiniana Institutional Fund F 320.9599 R477i 2015 A07-0000067 Non Fiction
APEC Doña Juana Library APEC Doña Juana Library Filipiniana Institutional Fund F 320.9599 R477i 2015 A02-0000087 Non Fiction
APEC España Library APEC España Library Filipiniana Institutional Fund F 320.9599 R477i 2015 B11-0000061 Non Fiction
APEC Grace Park West Library APEC Grace Park West Library Filipiniana Institutional Fund F 320.9599 R477i 2015 A09-0000063 Non Fiction
APEC Holy Spirit Library APEC Holy Spirit Library Filipiniana Institutional Fund F 320.9599 R477i 2015 A03-0000062 Non Fiction
APEC JRU Lipa Library APEC JRU Lipa Library Filipiniana Institutional Fund F 320.9599 R477i 2015 B12-0000094 Non Fiction
APEC Las Piñas Library APEC Las Piñas Library Filipiniana Institutional Fund F 320.9599 R477i 2015 C01-0000099 Non Fiction
APEC Marikina Heights Library APEC Marikina Heights Library Filipiniana Institutional Fund F 320.9599 R477i 2015 A08-0000066 Non Fiction
APEC Concepcion Dos Library APEC Marikina Heights Library Filipiniana Institutional Fund F 320.9599 R477i 2015 C02-0000098 Non Fiction
APEC New Manila Library APEC New Manila Library Filipiniana Institutional Fund F 320.9599 R477i 2015 C03-0000101 Non Fiction
APEC North Fairview Library APEC North Fairview Library Filipiniana Institutional Fund F 320.9599 R477i 2015 A04-0000063 Non Fiction
APEC Ortigas Extension, Cainta Library APEC Ortigas Extension, Cainta Library Filipiniana Institutional Fund F 320.9599 R477i 2015 B09-0000094 Non Fiction
APEC Tondo Library APEC Tondo Library Filipiniana Institutional Fund F 320.9599 R477i 2015 A10-0000063 Non Fiction
APEC V. Luna Library APEC V. Luna Library Filipiniana Institutional Fund F 320.9599 R477i 2015 A01-0000089 Non Fiction

Powered by Koha